| 000 | 00376nam a2200133Ia 4500 | ||
|---|---|---|---|
| 008 | 211109s9999||||xx |||||||||||||| ||und|| | ||
| 082 |
_a928 _bTEN-H |
||
| 100 | _aNorga, Tensing | ||
| 245 | 0 | _aHimavyagram | |
| 260 |
_bNATIONAL BOOKSTALL _aKottayam _c1998 |
||
| 630 | _xGeneral Stack | ||
| 650 |
_aHistory & Geography _vBiography, genealogy & insignia _xGeneralia |
||
| 942 | _cBOOK | ||
| 999 |
_c19971 _d19971 |
||